Zrušenie obchodnej spoločnosti bez likvidácie - účtovné a daňové dôsledky diplomová práca

Salvato in:
Dettagli Bibliografici
Autore principale: Kleman, Martin
Ente Autore: Fakulta hospodárskej informatiky EU. Katedra účtovníctva a audítorstva
Altri autori: Ondrušová, Lucia, 1981-
Natura: Libro
Lingua:slovacco
Pubblicazione: Bratislava 2010
Tags: Aggiungi Tag
Nessun Tag, puoi essere il primo ad aggiungerne!!

MARC

LEADER 00000nbm a2200000 4500
001 0162305
005 20121206101522.2
041 0 |a slo 
044 |a SK 
245 1 0 |a Zrušenie obchodnej spoločnosti bez likvidácie - účtovné a daňové dôsledky  |b diplomová práca  |c Martin Kleman ; školiteľ: Lucia Ondrušová 
264 1 |a Bratislava  |c 2010 
300 |a 72 s. 
100 1 |a Kleman, Martin 
700 1 |a Ondrušová, Lucia, 1981- 
710 2 |a Fakulta hospodárskej informatiky EU. Katedra účtovníctva a audítorstva